000 00696nam a2200253Ia 4500
003 OSt
005 20221006143257.0
006 a|||||r|||| 00| 0
007 ta
008 221006b |||||||| |||| 00| 0 eng d
020 _c15.90
024 _a8,530
037 _cTextual
040 _aEASL
_cEASL
_beng
041 _2eng
_aeng
082 _aX.1.N3, K9
100 _aDe Mel M. B.
_9649553
245 0 _aEconomic history
_b India-England-America-Russia-Japan
260 _aBombay
_bNew Literature Publishing Co.
_c1969
300 _a304p.
_ccm.
700 _a Fernando A. C.
942 _hX.1.N3, K9
_cTEXL
_2CC
999 _c1076616
_d1076616